<?xml version="1.0" encoding="UTF-8"?>
<record
    xmlns:xsi="http://www.w3.org/2001/XMLSchema-instance"
    xsi:schemaLocation="http://www.loc.gov/MARC21/slim http://www.loc.gov/standards/marcxml/schema/MARC21slim.xsd"
    xmlns="http://www.loc.gov/MARC21/slim">

  <leader>01312nam a22002657a 4500</leader>
  <controlfield tag="005">20170123164200.0</controlfield>
  <datafield tag="010" ind1=" " ind2=" ">
    <subfield code="a">B-082482</subfield>
  </datafield>
  <datafield tag="020" ind1=" " ind2=" ">
    <subfield code="c">40.00</subfield>
    <subfield code="a">8123736908</subfield>
  </datafield>
  <datafield tag="035" ind1=" " ind2=" ">
    <subfield code="a">B-082482</subfield>
  </datafield>
  <datafield tag="037" ind1=" " ind2=" ">
    <subfield code="b">Cen Lib/Ret</subfield>
  </datafield>
  <datafield tag="040" ind1=" " ind2=" ">
    <subfield code="a">DPL</subfield>
    <subfield code="b">PN</subfield>
  </datafield>
  <datafield tag="082" ind1=" " ind2=" ">
    <subfield code="a">305.235</subfield>
    <subfield code="b">&#xA38;&#xA3C;&#xA30;&#xA2E;&#xA3E; </subfield>
  </datafield>
  <datafield tag="100" ind1=" " ind2=" ">
    <subfield code="a">&#xA38;&#xA3C;&#xA30;&#xA2E;&#xA3E;, &#xA28;&#xA40;&#xA30;&#xA1C;&#xA3E; </subfield>
    <subfield code="9">132545</subfield>
  </datafield>
  <datafield tag="245" ind1=" " ind2=" ">
    <subfield code="a">&#xA15;&#xA3F;&#xA38;&#xA3C;&#xA4B;&#xA30; &#xA05;&#xA35;&#xA38;&#xA25;&#xA3E; &#xA26;&#xA40; &#xA1C;&#xA3E;&#xA23;&#xA15;&#xA3E;&#xA30;&#xA40; </subfield>
    <subfield code="c">&#xA28;&#xA40;&#xA30;&#xA1C;&#xA3E; &#xA38;&#xA3C;&#xA30;&#xA2E;&#xA3E; ; &#xA05;&#xA28;&#xA41;&#xA35;&#xA3E;&#xA26;&#xA15; &#xA38;&#xA3C;&#xA3F;&#xA06;&#xA2E; &#xA38;&#xA70;&#xA26;&#xA30; &#xA26;&#xA40;&#xA2A;&#xA24;&#xA40;</subfield>
  </datafield>
  <datafield tag="246" ind1=" " ind2=" ">
    <subfield code="a">Kishora awasath&#x101; d&#x12B; j&#x101;&#x1E47;ak&#x101;r&#x12B; /</subfield>
    <subfield code="b">by Niraja Sharama ; translated by Shiama Sundara D&#x12B;pati</subfield>
  </datafield>
  <datafield tag="260" ind1=" " ind2=" ">
    <subfield code="b">&#xA28;&#xA48;&#xA38;&#xA3C;&#xA28;&#xA32;&#xA3C; &#xA2C;&#xA42;&#xA15; &#xA1F;&#xA30;&#xA71;&#xA38;&#xA1F; &#xA07;&#xA70;&#xA21;&#xA40;&#xA06;  </subfield>
    <subfield code="a">&#xA28;&#xA35;&#xA40; &#xA26;&#xA3F;&#xA71;&#xA32;&#xA40; </subfield>
    <subfield code="c">2002</subfield>
  </datafield>
  <datafield tag="270" ind1=" " ind2=" ">
    <subfield code="b">&#xA28;&#xA35;&#xA40; &#xA26;&#xA3F;&#xA71;&#xA32;&#xA40; </subfield>
    <subfield code="a">&#xA0F;-5, &#xA17;&#xA4D;&#xA30;&#xA40;&#xA28; &#xA2A;&#xA3E;&#xA30;&#xA15;, &#xA28;&#xA35;&#xA40;  &#xA26;&#xA3F;&#xA71;&#xA32;&#xA40;</subfield>
    <subfield code="e">110016</subfield>
  </datafield>
  <datafield tag="300" ind1=" " ind2=" ">
    <subfield code="a">xi, 136p ; </subfield>
    <subfield code="c">24cm(Hb)</subfield>
  </datafield>
  <datafield tag="650" ind1=" " ind2=" ">
    <subfield code="a">&#xA38;&#xA3F;&#xA71;&#xA16;&#xA3F;&#xA06; - &#xA05;&#xA24;&#xA47; &#xA07;&#xA38; &#xA26;&#xA47; &#xA2E;&#xA39;&#xA71;&#xA24;&#xA35; &#xA28;&#xA42;&#xA70;</subfield>
    <subfield code="9">132546</subfield>
  </datafield>
  <datafield tag="650" ind1=" " ind2=" ">
    <subfield code="a">&#xA15;&#xA4B;-&#xA38;&#xA3F;&#xA71;&#xA16;&#xA3F;&#xA06; - &#xA06;&#xA2A;&#xA38;&#xA40; &#xA38;&#xA2C;&#xA70;&#xA27;</subfield>
    <subfield code="9">132547</subfield>
  </datafield>
  <datafield tag="650" ind1=" " ind2=" ">
    <subfield code="a">Education - and its importance</subfield>
    <subfield code="9">82421</subfield>
  </datafield>
  <datafield tag="650" ind1=" " ind2=" ">
    <subfield code="a">Co-education - mutual relations</subfield>
    <subfield code="9">82422</subfield>
  </datafield>
  <datafield tag="700" ind1=" " ind2=" ">
    <subfield code="a">&#xA26;&#xA40;&#xA2A;&#xA24;&#xA40;, &#xA38;&#xA3C;&#xA3F;&#xA06;&#xA2E; &#xA38;&#xA70;&#xA26;&#xA30; </subfield>
    <subfield code="9">132548</subfield>
  </datafield>
  <datafield tag="942" ind1=" " ind2=" ">
    <subfield code="2">ddc</subfield>
    <subfield code="c">PN</subfield>
    <subfield code="h">305.235</subfield>
    <subfield code="m">&#xA38;&#xA3C;&#xA30;&#xA2E;&#xA3E; </subfield>
  </datafield>
  <datafield tag="999" ind1=" " ind2=" ">
    <subfield code="c">110975</subfield>
    <subfield code="d">110975</subfield>
  </datafield>
  <datafield tag="952" ind1=" " ind2=" ">
    <subfield code="0">0</subfield>
    <subfield code="1">0</subfield>
    <subfield code="4">0</subfield>
    <subfield code="7">0</subfield>
    <subfield code="a">L</subfield>
    <subfield code="b">L</subfield>
    <subfield code="d">2016-02-10</subfield>
    <subfield code="e">Cen Lib/Ret</subfield>
    <subfield code="g">40.00</subfield>
    <subfield code="l">0</subfield>
    <subfield code="o">305.235 &#xA38;&#xA3C;&#xA30;&#xA2E;&#xA3E;</subfield>
    <subfield code="p">B-082482</subfield>
    <subfield code="r">2016-02-10 00:00:00</subfield>
    <subfield code="t">1</subfield>
    <subfield code="v">40.00</subfield>
    <subfield code="w">2016-02-10</subfield>
    <subfield code="y">PN</subfield>
  </datafield>
  <datafield tag="952" ind1=" " ind2=" ">
    <subfield code="0">0</subfield>
    <subfield code="1">0</subfield>
    <subfield code="2">ddc</subfield>
    <subfield code="4">0</subfield>
    <subfield code="7">0</subfield>
    <subfield code="a">BL1</subfield>
    <subfield code="b">BL1</subfield>
    <subfield code="d">2019-03-06</subfield>
    <subfield code="g">40.00</subfield>
    <subfield code="l">0</subfield>
    <subfield code="o">305.235 &#xA38;&#xA3C;&#xA30;&#xA2E;&#xA3E;</subfield>
    <subfield code="p">B-082483</subfield>
    <subfield code="r">2019-03-06 00:00:00</subfield>
    <subfield code="v">40.00</subfield>
    <subfield code="w">2019-03-06</subfield>
    <subfield code="y">PN</subfield>
  </datafield>
</record>
